• 首页
  • 本馆介绍
  • 公告通知
  • 最新文献
  • 馆藏检索
  • 电子资源
  • 读者导购
  • 参考咨询
  • 我的图书馆
  • 登录
  • 详细信息显示
  • 放入我的书架
  • 预约/预借图书
  • 作者相关作品
  • 分类相关作品
  • 丛书相关作品
  • 出版社相关作品

书目信息

  • 表格格式
  • 工作单格式
  • 卡片格式
题名:
燃烧学
    
 
作者: 严传俊 , 范玮 编著
分册:  
出版信息: 西安   西北工业大学出版社  2016.01
页数: 481页
开本: 26cm
丛书名:
单 册:
中图分类: O643.2
科图分类:
主题词: 燃烧学--高等学校--教材
电子资源:
ISBN: 978-7-5612-4593-4
000 00967nam0 2200277 450
001 0120161786853
005 20170512103559.31
010    @a978-7-5612-4593-4@dCNY59.00
100    @a20160329d2016 em y0chiy50 ea
101 0  @achi
102    @aCN@b610000
105    @aak z 000yy
106    @ar
200 1  @a燃烧学@9ran shao xue@f严传俊,范玮编著
205    @a3版
210    @a西安@c西北工业大学出版社@d2016.01
215    @a481页@c图@d26cm
300    @a工业和信息化部“十二五”规划教材
330    @a本书内容包括燃烧学基础和应用两部分。基础部分包括热化学、化学动力学、一维燃烧波、多组分质量输运、理想反应气体混合物的守恒方程等内容;应用部分包括航空发动机、火箭发动机、超声速燃烧、内燃机中的燃烧等内容。
333    @a高校动力工程相关专业师生
606 0  @a燃烧学@x高等学校@j教材
690    @aO643.2@v5
701  0 @a严传俊@9yan chuan jun@4编著
701  0 @a范玮@9fan wei@4编著
801  0 @aCN@b人天书店@c20160329
905    @b989972-75@dO643.2@e70=3@f4
    
    燃烧学/严传俊,范玮编著.-3版.-西安:西北工业大学出版社,2016.01
    481页:图;26cm
    工业和信息化部“十二五”规划教材.-使用对象:高校动力工程相关专业师生
    
    ISBN 978-7-5612-4593-4:CNY59.00
    本书内容包括燃烧学基础和应用两部分。基础部分包括热化学、化学动力学、一维燃烧波、多组分质量输运、理想反应气体混合物的守恒方程等内容;应用部分包括航空发动机、火箭发动机、超声速燃烧、内燃机中的燃烧等内容。
●
相关链接 在E读中查询图书 在五车中查询图书 在当当中查询图书 在豆瓣中查询图书


正题名:燃烧学     索取号:O643.2/70=3         预约/预借

序号 登录号 条形码 馆藏地/架位号 状态 备注
1 989972   209899724   第二样本阅览室/ [索取号:O643.2/70=3] 在馆    
2 989973   209899733   第三借阅区/ [索取号:O643.2/70=3] 在馆    
3 989974   209899742   第三借阅区/ [索取号:O643.2/70=3] 在馆    
4 989975   209899751   密集书库-化学系/ [索取号:O643.2/70=3] 在馆    
唐山师范学院图书馆 欢迎您!
大连网信软件有限公司© 版权所有